000 00902nam a22002417a 4500
005 20240530110933.0
008 220221s2008 ua c g b 000 0 ara d
017 _bمصر. دار الكتب
020 _a9789953880723
040 _aEG-CaGPL
_cEG-CaGPL
082 0 4 _221
_a355.3433 /
_bك ح
100 0 _aكول ، ستيف
245 1 0 _aحروب الاشباح :
_bالسجل الخفى ل السى اى ايه ل افغانستان ول بن لادن /
_cستيف كول
260 _aبيروت :
_bشركة المطبوعات للتوزيع والنشر،
_c2008
300 _a922 ص؛
_c24 سم
650 0 7 _aبن لادن
_2qrmak
650 0 7 _aالمخابرات الامريكية
_2qrmak
650 0 7 _aالارهاب
_2qrmak
650 0 7 _aاحمد شاه مسعود
_2qrmak
651 _2qrmak
_aافغانستان
942 _2ddc
_cBK
999 _c66679
_d66679